000 00479 a2200169 4500
001 186945
020 _a85-7406-017-8
040 _cMagnum
100 _aAzevedo, Ricardo
240 1 0 _aUma velhinha de óculos, chinelos e vestido azul de bolinhas brancas
_lpor
245 1 0 _aUma velhinha de óculos, chinelos e vestido azul de bolinhas brancas
300 _a32
362 0 _a2000
440 1 _aCompanhia das Letrinhas
697 _aLITERATURA INFANTO-JUVENIL
942 _cBK
999 _c186945
_d186945